| 000 | 00586nam a2200193Ia 4500 | ||
|---|---|---|---|
| 008 | 240729s9999 xx 000 0 und d | ||
| 022 | _a2662-4966 | ||
| 245 | 0 | _aMicroplastics and Nanoplastics | |
| 260 | _aUnited Kingdom | ||
| 260 | _bSpringerOpen | ||
| 650 | _a Chemical technology | ||
| 650 | _a Environmental pollution | Technology | ||
| 650 | _a Environmental technology. Sanitary engineering | ||
| 650 | _a Polymers and polymer manufacture | ||
| 650 | _aTechnology | ||
| 856 | _uhttps://doaj.org/toc/c4263aebf24243e58d9d09fa4a9254db | ||
| 942 | _2ddc | ||
| 942 | _cDOAJEJ | ||
| 999 |
_c74275 _d74275 |
||
| 945 |
_a1 _bMadushi Gamage _c1 _dMadushi Gamage |
||